Applied microsoft SQL server 2008 reporting services /

שמור ב:
מידע ביבליוגרפי
מחבר ראשי: Lachev, Teo.
פורמט: Sách giấy
שפה:English
יצא לאור: USA : Prologika Press, 2008.
נושאים:
תגים: הוספת תג
אין תגיות, היה/י הראשונ/ה לתייג את הרשומה!
Thư viện lưu trữ: Thư viện Trường Đại học Đà Lạt
LEADER 00705nam a2200301 4500
001 DLU110127191
005 ##20111026
040 # # |a DLU  |b vie 
041 # # |a eng 
044 # # |a vn 
082 # # |a 005.75  |b LA-T 
100 # # |a Lachev, Teo. 
245 # # |a Applied microsoft SQL server 2008 reporting services /  |c Teo Lachev. 
260 # # |a USA :  |b Prologika Press,  |c 2008. 
300 # # |a 745 tr. ;  |c 30 cm. 
650 # # |a Clien/server computing. 
650 # # |a SQL server. 
923 # # |a 01/2011CT 
991 # # |a GT 
992 # # |a 0 
994 # # |a KCT 
900 # # |a True 
911 # # |a Đào Thị Thu Huyền 
925 # # |a G 
926 # # |a A 
927 # # |a SH 
980 # # |a Thư viện Trường Đại học Đà Lạt